[Event "Newcastle EJCOA 4th"]
[Site "Newcastle on Tyne"]
[Date "2022.10.27"]
[Round "7"]
[White "Barry, Colm"]
[Black "Wall, Gavin"]
[Result "1/2-1/2"]
[WhiteElo "2234"]
[BlackElo "2300"]
[PlyCount "24"]
[EventDate "2022.10.24"]
[EventType "tourn"]
[EventRounds "9"]
[EventCountry "ENG"]
[EventCategory "3"]
[SourceTitle "EXT 2024"]
[Source "ChessBase"]
[SourceDate "2023.10.10"]
[SourceVersion "1"]
[SourceVersionDate "2023.10.10"]
[SourceQuality "1"]

1. e4 e5 2. Nf3 d6 3. d4 exd4 4. Nxd4 Nf6 5. Nc3 Be7 6. Be2 0-0 7. 0-0 c5 8. Nb3 a6 9. Bf4 b5 10. e5 dxe5 11. Qxd8 Rxd8 12. Bxe5 Nbd7 1/2-1/2

[Event "Newcastle EJCOA 4th"]
[Site "Newcastle on Tyne"]
[Date "2022.10.26"]
[Round "5"]
[White "Barry, Colm"]
[Black "Willow, Jonah B"]
[Result "0-1"]
[WhiteElo "2234"]
[BlackElo "2395"]
[PlyCount "76"]
[EventDate "2022.10.24"]
[EventType "tourn"]
[EventRounds "9"]
[EventCountry "ENG"]
[EventCategory "3"]
[SourceTitle "EXT 2024"]
[Source "ChessBase"]
[SourceDate "2023.10.10"]
[SourceVersion "1"]
[SourceVersionDate "2023.10.10"]
[SourceQuality "1"]

1. e4 c5 2. c3 Nf6 3. e5 Nd5 4. d4 cxd4 5. Nf3 g6 6. cxd4 Bg7 7. Qb3 Nb6 8. Be2 0-0 9. 0-0 d6 10. Nc3 Nc6 11. Rd1 Bg4 12. h3 Bxf3 13. Bxf3 dxe5 14. Bxc6 bxc6 15. dxe5 Qc8 16. f4 Rb8 17. Qa3 Qc7 18. Qc5 g5 19. b3 Rbe8 20. g3 gxf4 21. gxf4 Qc8 22. Qe3 Qf5 23. Kh2 Rd8 24. Ba3 Qc2+ 25. Kh1 Rxd1+ 26. Rxd1 Nd5 27. Rxd5 cxd5 28. Bxe7 Rc8 29. Bb4 Kh8 30. Qd4 Rg8 31. Be7 Qc1+ 32. Kh2 Qb2+ 33. Kh1 Rc8 34. Bb4 a5 35. Bxa5 Rg8 36. Bb6 Bf6 37. Qf2 Qxc3 38. exf6 Qxh3+ 0-1

[Event "Newcastle EJCOA 4th"]
[Site "Newcastle on Tyne"]
[Date "2022.10.25"]
[Round "3"]
[White "Burnett, Andrew"]
[Black "Barry, Colm"]
[Result "1-0"]
[WhiteElo "2233"]
[BlackElo "2234"]
[PlyCount "71"]
[EventDate "2022.10.24"]
[EventType "tourn"]
[EventRounds "9"]
[EventCountry "ENG"]
[EventCategory "3"]
[SourceTitle "EXT 2024"]
[Source "ChessBase"]
[SourceDate "2023.10.10"]
[SourceVersion "1"]
[SourceVersionDate "2023.10.10"]
[SourceQuality "1"]

1. d4 d5 2. c4 c6 3. Nf3 Nf6 4. Nc3 dxc4 5. e4 b5 6. Be2 e6 7. 0-0 b4 8. e5 bxc3 9. exf6 cxb2 10. fxg7 Bxg7 11. Bxb2 0-0 12. Bxc4 Qa5 13. Ne5 Ba6 14. Qg4 h5 15. Qe2 Bxc4 16. Nxc4 Qf5 17. Ne5 Bxe5 18. dxe5 Nd7 19. Rfd1 Nb6 20. Rd3 Nd5 21. Rf3 Qh7 22. Rg3+ Kh8 23. Rg5 Nf4 24. Qf3 Rab8 25. Qxf4 f6 26. exf6 Rxb2 27. h4 Rb7 28. Re1 Rb1 29. Rxb1 Qxb1+ 30. Kh2 Qb8 31. Rxh5+ Kg8 32. Re5 Kf7 33. g3 Rg8 34. Qe3 Qd6 35. Rg5 Rxg5 36. Qxg5 1-0

[Event "BCF-chT 2122 (4NCL)"]
[Site "England"]
[Date "2022.03.27"]
[Round "6.51"]
[White "Jones, Steven"]
[Black "Barry, Colm"]
[Result "1-0"]
[WhiteElo "2215"]
[BlackElo "2259"]
[PlyCount "69"]
[EventDate "2021.11.27"]
[EventType "team-swiss"]
[EventRounds "11"]
[EventCountry "ENG"]
[SourceTitle "EXT 2023"]
[Source "ChessBase"]
[SourceDate "2022.10.05"]
[SourceVersion "1"]
[SourceVersionDate "2022.10.05"]
[SourceQuality "1"]
[WhiteTeam "West is Best"]
[BlackTeam "Chessable White Rose II"]
[WhiteTeamCountry "ENG"]
[BlackTeamCountry "ENG"]

1. e4 d6 2. d4 Nf6 3. Nc3 Nbd7 4. Nf3 e5 5. Bc4 Be7 6. a4 0-0 7. 0-0 exd4 8. Qxd4 Nc5 9. h3 c6 10. Rd1 Be6 11. Bf4 Bxc4 12. Qxc4 Ne6 13. Bxd6 Bxd6 14. e5 Ne8 15. Ne4 Qa5 16. exd6 Rd8 17. b4 Qf5 18. d7 Nf6 19. Nd6 Qf4 20. Qxf4 Nxf4 21. Ne5 Ng6 22. Nxg6 hxg6 23. Nxb7 Rxd7 24. Rxd7 Nxd7 25. Rd1 Nb6 26. Nd8 c5 27. bxc5 Nxa4 28. c6 Nb6 29. c7 Re8 30. Rb1 Re7 31. Rxb6 Rxc7 32. Rb8 Rxc2 33. Ne6+ Kh7 34. Ng5+ Kh6 35. f4 1-0

[Event "BCF-ch rapidplay 32nd"]
[Site "Ilkley"]
[Date "2018.11.25"]
[Round "10"]
[White "Barry, Colm"]
[Black "Surtees, Michael"]
[Result "0-1"]
[WhiteElo "2241"]
[BlackElo "2096"]
[PlyCount "114"]
[EventDate "2018.11.24"]
[EventType "swiss (rapid)"]
[EventRounds "11"]
[EventCountry "ENG"]
[SourceTitle "CBM 187 Extra"]
[Source "ChessBase"]
[SourceDate "2018.11.04"]
[SourceVersion "1"]
[SourceVersionDate "2018.11.04"]
[SourceQuality "1"]

1. e4 c5 2. c3 d5 3. exd5 Qxd5 4. d4 e6 5. Nf3 Nf6 6. Bd3 Nc6 7. 0-0 a6 8. Be3 c4 9. Be2 b5 10. Nbd2 Bb7 11. b3 cxb3 12. c4 bxc4 13. Bxc4 Qd7 14. Bxb3 Nd5 15. Nc4 Bd6 16. Nxd6+ Qxd6 17. Ng5 Nf6 18. Rb1 Nd8 19. Qd2 Nd5 20. Ne4 Qe7 21. Bg5 f6 22. Bf4 Nxf4 23. Qxf4 0-0 24. Rfe1 Bxe4 25. Qxe4 Rb8 26. d5 Kh8 27. dxe6 Nb7 28. Bd5 Nc5 29. Qc4 Rbc8 30. Qb4 Rfd8 31. Bb3 Rc7 32. Rbd1 Rdc8 33. g3 h6 34. Bd5 Rd8 35. Bc4 Rdc8 36. Rd4 Rb7 37. Qa3 Rbc7 38. Red1 Rc6 39. Rd7 Qe8 40. Ra7 Nxe6 41. Bxe6 Qxe6 42. Qf3 Rc1 43. Rxc1 Rxc1+ 44. Kg2 Rc8 45. Qb7 Qc6+ 46. Qxc6 Rxc6 47. h4 h5 48. Kf3 Kh7 49. a4 Kg6 50. a5 f5 51. Rb7 Rc3+ 52. Kf4 Rc4+ 53. Ke3 Re4+ 54. Kd3 Re6 55. Rb6 Kf7 56. f4 Ke7 57. Kd4 Rd6+ 0-1

[Event "BCF-chT1a 1516 (4NCL)"]
[Site "England"]
[Date "2015.11.14"]
[Round "1.141"]
[White "Barry, Colm"]
[Black "Fernandez, Daniel Howard"]
[Result "0-1"]
[WhiteElo "2262"]
[BlackElo "2476"]
[PlyCount "106"]
[EventDate "2015.11.14"]
[EventType "team-tourn"]
[EventRounds "7"]
[EventCountry "ENG"]
[SourceTitle "CBM 169 Extra"]
[Source "ChessBase"]
[SourceDate "2015.12.18"]
[SourceVersion "1"]
[SourceVersionDate "2015.12.18"]
[SourceQuality "1"]
[WhiteTeam "White Rose II"]
[BlackTeam "Guildford II"]
[WhiteTeamCountry "ENG"]
[BlackTeamCountry "ENG"]

1. e4 c5 2. Nf3 d6 3. d4 Nf6 4. dxc5 Nxe4 5. cxd6 Nxd6 6. Nbd2 g6 7. Nc4 Bg7 8. Nxd6+ Qxd6 9. Qxd6 exd6 10. Be2 Nc6 11. c3 Be6 12. 0-0 a6 13. Rd1 Rd8 14. Bf4 Ke7 15. Bg5+ Bf6 16. Bxf6+ Kxf6 17. Nd4 Rd7 18. f4 h5 19. a4 Rc8 20. a5 Ne7 21. Bf3 Bg4 22. Kf2 Bxf3 23. Kxf3 Rc5 24. Ra4 Nc6 25. Rda1 Re7 26. g3 Rd5 27. h3 Nxd4+ 28. Rxd4 Rxd4 29. cxd4 Rc7 30. Ra4 Ke6 31. Rb4 Kd5 32. g4 f5 33. gxh5 gxh5 34. Kg3 Ke4 35. d5+ Kxd5 36. Kh4 Kc5 37. Rb3 d5 38. Kg5 d4 39. Rd3 Kd5 40. Kxf5 Rf7+ 41. Kg5 Ke4 42. Rd1 Rf5+ 43. Kg6 Rxf4 44. Kxh5 d3 45. Kg5 Rf5+ 46. Kg4 Rxa5 47. h4 Rd5 48. h5 d2 49. h6 Kd3 50. h7 Rd8 51. Rh1 Rh8 52. Kf4 Kc2 53. Rh2 Kc1 0-1

[Event "Leinster-ch"]
[Site "Leinster"]
[Date "1993.??.??"]
[Round "?"]
[White "Barry, Colm"]
[Black "Ryan, Joseph"]
[Result "1-0"]
[WhiteElo "2275"]
[BlackElo "2270"]
[PlyCount "75"]
[EventDate "1993.??.??"]
[EventType "swiss"]
[EventRounds "6"]
[EventCountry "IRL"]
[SourceTitle "EXT 2004"]
[Source "ChessBase"]
[SourceDate "2003.11.25"]
[SourceVersion "1"]
[SourceVersionDate "2003.11.25"]
[SourceQuality "1"]

1. Nf3 Nf6 2. d4 g6 3. Bf4 Bg7 4. e3 d6 5. Be2 Nbd7 6. h3 0-0 7. 0-0 Qe8 8. Nbd2 e5 9. Bh2 e4 10. Ne1 Qe7 11. c4 Re8 12. Rc1 c5 13. Nc2 Nf8 14. b4 b6 15. Nb3 Rd8 16. Qd2 Ne6 17. Rfd1 Qe8 18. Qe1 Bb7 19. Rb1 Ba6 20. dxc5 dxc5 21. bxc5 bxc5 22. Qa5 Rxd1+ 23. Rxd1 Qc8 24. Bd6 Nd7 25. Na3 Rb8 26. Bxb8 Nxb8 27. Nxc5 Bf6 28. Nxe6 fxe6 29. Nb5 Nc6 30. Qc7 Qxc7 31. Nxc7 Bc8 32. Ne8 Be7 33. Nd6 Ba6 34. Bg4 Nd8 35. Nxe4 Bxc4 36. Rd7 Nc6 37. Rc7 Bb5 38. Nc3 1-0

[Event "Dublin zt"]
[Site "Dublin"]
[Date "1993.??.??"]
[Round "4"]
[White "Noyce, Robert"]
[Black "Barry, Colm"]
[Result "1/2-1/2"]
[WhiteElo "2245"]
[BlackElo "2275"]
[PlyCount "28"]
[EventDate "1993.04.??"]
[EventType "swiss"]
[EventRounds "11"]
[EventCountry "IRL"]
[SourceTitle "CBM 034 Extra"]
[Source "ChessBase"]
[SourceDate "1993.07.01"]
[SourceVersion "1"]
[SourceVersionDate "1993.07.01"]
[SourceQuality "1"]

1. e4 d5 2. exd5 Nf6 3. d4 Nxd5 4. c4 Nb6 5. Nf3 g6 6. h3 Bg7 7. Nc3 0-0 8. Be2 Nc6 9. Be3 e5 10. dxe5 Nxe5 11. Nxe5 Bxe5 12. Qxd8 Rxd8 13. Rc1 Bf5 14. b3 Bd3 1/2-1/2

[Event "Telecom op"]
[Site "Dublin"]
[Date "1992.??.??"]
[Round "?"]
[White "Barry, Colm"]
[Black "Carton, Patrick"]
[Result "1/2-1/2"]
[WhiteElo "2275"]
[BlackElo "2230"]
[PlyCount "92"]
[EventDate "1992.??.??"]
[EventType "swiss"]
[EventRounds "6"]
[EventCountry "IRL"]
[SourceTitle "EXT 2000"]
[Source "ChessBase"]
[SourceDate "1999.11.16"]
[SourceVersion "1"]
[SourceVersionDate "1999.11.16"]
[SourceQuality "1"]

1. e4 e6 2. d4 d5 3. Nd2 Nf6 4. e5 Nfd7 5. Bd3 c5 6. c3 Nc6 7. Ne2 Qb6 8. Nf3 cxd4 9. cxd4 f6 10. exf6 Nxf6 11. 0-0 Bd6 12. Nc3 0-0 13. a3 Bd7 14. Be3 Rae8 15. Ne5 Re7 16. Kh1 Be8 17. f4 Nd7 18. Bg1 Qd8 19. Qc2 g6 20. Qd2 Rg7 21. Be3 Ncxe5 22. dxe5 Bc5 23. b4 Bxe3 24. Qxe3 Qb6 25. Qxb6 Nxb6 26. Ne2 Rc7 27. Rac1 Rxc1 28. Rxc1 Ba4 29. g3 Rc8 30. Rxc8+ Nxc8 31. Kg2 Kf7 32. Kf2 Ne7 33. Nd4 b6 34. Ke3 Nc6 35. Nxc6 Bxc6 36. g4 Ba4 37. f5 gxf5 38. gxf5 exf5 39. Bxf5 h6 40. Kd4 Bb3 41. Bd3 Ba2 42. Be2 Bb3 43. Bh5+ Ke6 44. Bg6 Ba2 45. Bh7 Kf7 46. Bd3 Ke6 1/2-1/2

[Event "Dublin op"]
[Site "Dublin"]
[Date "1991.??.??"]
[Round "?"]
[White "Barry, Colm"]
[Black "Clarke, Thomas M"]
[Result "0-1"]
[WhiteElo "2255"]
[BlackElo "2215"]
[PlyCount "89"]
[EventDate "1991.??.??"]
[EventType "swiss"]
[EventRounds "9"]
[EventCountry "IRL"]
[SourceTitle "EXT 1998"]
[Source "ChessBase"]
[SourceDate "1997.11.17"]
[SourceVersion "1"]
[SourceVersionDate "1997.11.17"]
[SourceQuality "1"]

1. e4 e6 2. d4 d5 3. Nd2 Nf6 4. e5 Nfd7 5. Bd3 c5 6. c3 Nc6 7. Ne2 cxd4 8. cxd4 f6 9. exf6 Nxf6 10. 0-0 Bd6 11. Nf3 Qc7 12. Nc3 a6 13. Bg5 0-0 14. Bh4 Bd7 15. Bg3 Rae8 16. Rc1 Bxg3 17. hxg3 Qd6 18. Re1 e5 19. dxe5 Nxe5 20. Nxe5 Rxe5 21. Rxe5 Qxe5 22. Qd2 Ng4 23. Nxd5 Rxf2 24. Qa5 Rf8 25. Qc5 Re8 26. Rf1 Qxg3 27. Ne7+ Kh8 28. Qh5 Qe3+ 29. Kh1 Qh6 30. Qxh6 Nxh6 31. Bc4 g6 32. Nd5 Ng4 33. Kg1 Bc6 34. Rd1 b5 35. Bb3 Re2 36. Rc1 Rxb2 37. g3 Bxd5 38. Bxd5 Ne3 39. Bb3 Nc4 40. Re1 Kg7 41. Re8 Nd2 42. Bd5 Nc4 43. Ra8 Rxa2 44. Ra7+ Kh6 45. Rc7 0-1

[Event "Telecom op"]
[Site "Dublin"]
[Date "1991.??.??"]
[Round "?"]
[White "Barry, Colm"]
[Black "Connolly, Suzanne"]
[Result "1-0"]
[WhiteElo "2255"]
[BlackElo "2035"]
[PlyCount "45"]
[EventDate "1991.03.??"]
[EventType "swiss"]
[EventRounds "9"]
[EventCountry "IRL"]
[SourceTitle "TD"]
[Source "ChessBase"]
[SourceDate "1994.03.01"]
[SourceVersion "1"]
[SourceVersionDate "1994.03.01"]
[SourceQuality "1"]

1. d4 f5 2. Bg5 h6 3. Bh4 g5 4. e3 Nf6 5. Bg3 d6 6. h4 Rg8 7. hxg5 hxg5 8. Be2 g4 9. Bd3 Nc6 10. c3 e6 11. Nd2 Bd7 12. Qc2 Ne7 13. 0-0-0 Bc6 14. e4 Qd7 15. c4 d5 16. cxd5 exd5 17. exf5 0-0-0 18. Ne2 Bg7 19. Nf4 Ne4 20. Nxe4 dxe4 21. Bc4 Kb8 22. Ne6 Nxf5 23. Bxc7+ 1-0

[Event "Telecom op"]
[Site "Dublin"]
[Date "1991.??.??"]
[Round "?"]
[White "Emms, John M"]
[Black "Barry, Colm"]
[Result "1/2-1/2"]
[WhiteElo "2440"]
[BlackElo "2255"]
[PlyCount "121"]
[EventDate "1991.03.??"]
[EventType "swiss"]
[EventRounds "9"]
[EventCountry "IRL"]
[SourceTitle "TD"]
[Source "ChessBase"]
[SourceDate "1994.03.01"]
[SourceVersion "1"]
[SourceVersionDate "1994.03.01"]
[SourceQuality "1"]

1. e4 d5 2. exd5 Qxd5 3. Nc3 Qa5 4. d4 Nf6 5. Nf3 c6 6. Bd2 Bf5 7. Bc4 e6 8. Qe2 Bb4 9. Ne5 Nbd7 10. Nxd7 Kxd7 11. a3 Bxc3 12. Bxc3 Qc7 13. 0-0 Nd5 14. Qf3 Nxc3 15. Qxc3 Rad8 16. Qf3 Kc8 17. c3 c5 18. d5 Rhe8 19. Rfe1 Qd7 20. Red1 e5 21. Qe3 Qc7 22. Bb5 Re7 23. b4 c4 24. Qxa7 Bd3 25. Qa8+ Qb8 26. Qxb8+ Kxb8 27. d6 Rxd6 28. Bxc4 e4 29. Bxd3 exd3 30. Rd2 b5 31. Rad1 Red7 32. f3 f6 33. Kf2 g6 34. h4 h6 35. g4 Rd5 36. Re1 Rc7 37. Re6 f5 38. Rxg6 fxg4 39. fxg4 Rxc3 40. Rxh6 Rxa3 41. Rh5 Rxh5 42. gxh5 Rb3 43. Kg3 Rxb4 44. Rxd3 Kc7 45. h6 Re4 46. Rf3 b4 47. Rf8 Re7 48. Kg4 Rd7 49. Kg5 b3 50. Rf3 Rd5+ 51. Kg4 Rd4+ 52. Kg3 Rd6 53. Rxb3 Rxh6 54. Kg4 Ra6 55. Kg5 Ra5+ 56. Kg6 Ra6+ 57. Kg7 Ra1 58. Rh3 Rg1+ 59. Kh6 Kd6 60. Re3 Rh1 61. h5 1/2-1/2

[Event "Telecom op"]
[Site "Dublin"]
[Date "1991.??.??"]
[Round "?"]
[White "Howell, James C"]
[Black "Barry, Colm"]
[Result "0-1"]
[WhiteElo "2455"]
[BlackElo "2255"]
[PlyCount "89"]
[EventDate "1991.03.??"]
[EventType "swiss"]
[EventRounds "9"]
[EventCountry "IRL"]
[SourceTitle "TD"]
[Source "ChessBase"]
[SourceDate "1994.03.01"]
[SourceVersion "1"]
[SourceVersionDate "1994.03.01"]
[SourceQuality "1"]

1. e4 d5 2. exd5 Qxd5 3. Nc3 Qa5 4. d4 Nf6 5. Nf3 c6 6. Bc4 Bg4 7. h3 Bh5 8. Bd2 e6 9. g4 Bg6 10. Qe2 Bb4 11. 0-0-0 Nbd7 12. a3 Bxc3 13. Bxc3 Qc7 14. Ne5 Nd5 15. Bd2 Nxe5 16. dxe5 0-0-0 17. Bg5 Rd7 18. Bb3 Qb6 19. Rd2 h6 20. Bh4 Nf4 21. Qc4 Rxd2 22. Kxd2 Qa5+ 23. Qc3 Qxc3+ 24. Kxc3 h5 25. Bg5 Ne2+ 26. Kd2 Nd4 27. Ke3 c5 28. f3 Bxc2 29. Bxc2 Nxc2+ 30. Ke4 Nd4 31. Rc1 b6 32. h4 Kb7 33. b4 g6 34. Bf6 Rc8 35. bxc5 Rxc5 36. Rg1 Ne2 37. Rg2 Rc4+ 38. Ke3 Nf4 39. Rd2 Nd5+ 40. Kd3 Rc3+ 41. Ke4 Re3+ 42. Kd4 Rxa3 43. gxh5 gxh5 44. Rg2 Ra4+ 45. Kd3 0-1

[Event "Telecom op"]
[Site "Dublin"]
[Date "1991.??.??"]
[Round "?"]
[White "King, Daniel J"]
[Black "Barry, Colm"]
[Result "1-0"]
[WhiteElo "2545"]
[BlackElo "2255"]
[PlyCount "83"]
[EventDate "1991.03.??"]
[EventType "swiss"]
[EventRounds "9"]
[EventCountry "IRL"]
[SourceTitle "TD"]
[Source "ChessBase"]
[SourceDate "1994.03.01"]
[SourceVersion "1"]
[SourceVersionDate "1994.03.01"]
[SourceQuality "1"]

1. c4 e6 2. g3 d5 3. Bg2 Nf6 4. Nf3 Be7 5. 0-0 0-0 6. d4 dxc4 7. Qc2 a6 8. a4 Bd7 9. Qxc4 Bc6 10. Bg5 Bd5 11. Qd3 c5 12. dxc5 Bxc5 13. Nc3 Bc6 14. Ne5 Qxd3 15. Nxd3 Bxg2 16. Kxg2 Bd4 17. Bxf6 Bxf6 18. Ne4 Nd7 19. Rac1 Rfc8 20. Nd6 Rxc1 21. Rxc1 Ne5 22. Nc5 b6 23. Nce4 Bd8 24. h3 f5 25. f4 Nf7 26. Nxf7 Kxf7 27. Nf2 Ra7 28. Rc6 b5 29. axb5 axb5 30. Nd3 Rc7 31. Rb6 Rc2 32. Rb7+ Kf6 33. Kf3 h6 34. Rxb5 g5 35. Rb7 h5 36. fxg5+ Kxg5 37. Nf4 Rc6 38. Rg7+ Kf6 39. Nxh5+ Ke5 40. Nf4 Rb6 41. Rg6 Rc6 42. h4 1-0

[Event "Olympiad-26"]
[Site "Thessaloniki"]
[Date "1984.11.28"]
[Round "9"]
[White "Moraza, Manuel"]
[Black "Barry, Colm"]
[Result "0-1"]
[WhiteElo "2200"]
[BlackElo "2225"]
[PlyCount "64"]
[EventDate "1984.11.19"]
[EventType "team-swiss"]
[EventRounds "14"]
[EventCountry "GRE"]
[SourceTitle "EXT 1997"]
[Source "ChessBase"]
[SourceDate "1996.11.15"]
[SourceVersion "1"]
[SourceVersionDate "1996.11.15"]
[SourceQuality "1"]
[WhiteTeam "Puerto Rico"]
[BlackTeam "Ireland"]
[WhiteTeamCountry "PUR"]
[BlackTeamCountry "IRL"]

1. e4 c5 2. Nf3 e6 3. d4 cxd4 4. Nxd4 Nc6 5. Nb5 d6 6. c4 a6 7. N5a3 Nf6 8. Nc3 Be7 9. Be2 0-0 10. Be3 b6 11. 0-0 Ne5 12. f4 Ned7 13. Bf3 Bb7 14. Qe1 Qc7 15. Qg3 Nc5 16. Bd4 g6 17. e5 Nfe4 18. Bxe4 Nxe4 19. Nxe4 Bxe4 20. Rac1 dxe5 21. Bxe5 Qc5+ 22. Kh1 Rad8 23. Rcd1 f6 24. Bc3 Qh5 25. Qe1 Qg4 26. Rd2 Rxd2 27. Qxd2 Rd8 28. Qf2 Bc5 29. Qg3 Rd1 30. Rxd1 Qxd1+ 31. Qe1 Qf3 32. Qg1 Qe2 0-1

[Event "Olympiad-26"]
[Site "Thessaloniki"]
[Date "1984.11.27"]
[Round "8"]
[White "Saeed, Saeed Ahmed"]
[Black "Barry, Colm"]
[Result "1/2-1/2"]
[WhiteElo "2390"]
[BlackElo "2225"]
[PlyCount "55"]
[EventDate "1984.11.19"]
[EventType "team-swiss"]
[EventRounds "14"]
[EventCountry "GRE"]
[SourceTitle "EXT 1997"]
[Source "ChessBase"]
[SourceDate "1996.11.15"]
[SourceVersion "1"]
[SourceVersionDate "1996.11.15"]
[SourceQuality "1"]
[WhiteTeam "United Arab Emirates"]
[BlackTeam "Ireland"]
[WhiteTeamCountry "UAE"]
[BlackTeamCountry "IRL"]

1. d4 d5 2. c4 c6 3. Nf3 Nf6 4. Nc3 dxc4 5. a4 Bf5 6. Ne5 Nbd7 7. Nxc4 Qc7 8. g3 e5 9. dxe5 Nxe5 10. Bf4 Rd8 11. Qc1 Bd6 12. Nxd6+ Qxd6 13. Bg2 0-0 14. 0-0 Nfd7 15. a5 a6 16. Rd1 Qe6 17. Na4 Bh3 18. Bh1 Ng6 19. Be3 f5 20. Nc5 Nxc5 21. Bxc5 Rfe8 22. e3 Ne5 23. Qc3 Rxd1+ 24. Rxd1 Bg4 25. Rc1 Nf3+ 26. Bxf3 Bxf3 27. Qc4 Qxc4 28. Rxc4 1/2-1/2

[Event "Olympiad-26"]
[Site "Thessaloniki"]
[Date "1984.11.25"]
[Round "7"]
[White "Barry, Colm"]
[Black "Rodgaard, John"]
[Result "0-1"]
[WhiteElo "2225"]
[BlackElo "2330"]
[PlyCount "80"]
[EventDate "1984.11.19"]
[EventType "team-swiss"]
[EventRounds "14"]
[EventCountry "GRE"]
[SourceTitle "EXT 1997"]
[Source "ChessBase"]
[SourceDate "1996.11.15"]
[SourceVersion "1"]
[SourceVersionDate "1996.11.15"]
[SourceQuality "1"]
[WhiteTeam "Ireland"]
[BlackTeam "Faroe Islands"]
[WhiteTeamCountry "IRL"]
[BlackTeamCountry "FAI"]

1. e4 e6 2. d4 d5 3. Nd2 Nf6 4. e5 Nfd7 5. Bd3 c5 6. c3 Nc6 7. Ne2 cxd4 8. cxd4 f6 9. exf6 Nxf6 10. Nf3 Bd6 11. 0-0 Qc7 12. Bg5 0-0 13. Bh4 Nh5 14. Bg3 Nxg3 15. Nxg3 g6 16. Rc1 Qb6 17. Ng5 Qc7 18. Qe1 Qe7 19. Nf3 Qg7 20. Rd1 Rf4 21. Ne2 Rxf3 22. gxf3 Nxd4 23. Be4 Nxe2+ 24. Qxe2 Qe5 25. f4 Qxf4 26. f3 Bd7 27. Qd2 Bc5+ 28. Kh1 Be3 29. Qd3 Be8 30. Rde1 Bb6 31. Qa3 Bc7 32. Rf2 dxe4 33. Rxe4 Qf7 34. Qb3 Bc6 35. Rxe6 Bb6 36. Rf1 Rd8 37. Ree1 Qxb3 38. axb3 Rd2 39. Rc1 Kf7 40. Rc4 Bc7 0-1

[Event "Olympiad-26"]
[Site "Thessaloniki"]
[Date "1984.11.22"]
[Round "4"]
[White "Barry, Colm"]
[Black "Martidis, Alkis"]
[Result "1-0"]
[WhiteElo "2225"]
[BlackElo "2320"]
[PlyCount "47"]
[EventDate "1984.11.19"]
[EventType "team-swiss"]
[EventRounds "14"]
[EventCountry "GRE"]
[SourceTitle "EXT 1997"]
[Source "ChessBase"]
[SourceDate "1996.11.15"]
[SourceVersion "1"]
[SourceVersionDate "1996.11.15"]
[SourceQuality "1"]
[WhiteTeam "Ireland"]
[BlackTeam "Cyprus"]
[WhiteTeamCountry "IRL"]
[BlackTeamCountry "CYP"]

1. e4 c5 2. Nf3 e6 3. d4 cxd4 4. Nxd4 Nc6 5. Nc3 Qc7 6. Be3 a6 7. Be2 b5 8. Nxc6 Qxc6 9. e5 Bb7 10. Bf3 Qc7 11. Bxb7 Qxb7 12. 0-0 Rd8 13. Bg5 Rc8 14. Qd3 Rc4 15. Rfe1 h6 16. Bd2 Ne7 17. a4 Nf5 18. axb5 axb5 19. Nxb5 Nh4 20. f3 Bc5+ 21. Kh1 Rg4 22. Ra8+ Ke7 23. Rxh8 Nxg2 24. Nd6 1-0

[Event "Olympiad-26"]
[Site "Thessaloniki"]
[Date "1984.11.19"]
[Round "1"]
[White "Barry, Colm"]
[Black "Hansen, Curt"]
[Result "1/2-1/2"]
[WhiteElo "2225"]
[BlackElo "2485"]
[PlyCount "41"]
[EventDate "1984.11.19"]
[EventType "team-swiss"]
[EventRounds "14"]
[EventCountry "GRE"]
[SourceTitle "EXT 1997"]
[Source "ChessBase"]
[SourceDate "1996.11.15"]
[SourceVersion "1"]
[SourceVersionDate "1996.11.15"]
[SourceQuality "1"]
[WhiteTeam "Ireland"]
[BlackTeam "Denmark"]
[WhiteTeamCountry "IRL"]
[BlackTeamCountry "DEN"]

1. e4 c5 2. Nf3 e6 3. d4 cxd4 4. Nxd4 Nc6 5. Nc3 a6 6. Be3 Nf6 7. Be2 d6 8. 0-0 Be7 9. a4 0-0 10. f4 Qc7 11. Qe1 Nxd4 12. Bxd4 e5 13. fxe5 dxe5 14. Qg3 Bc5 15. Bxc5 Qxc5+ 16. Kh1 Kh8 17. Rxf6 gxf6 18. Qh4 Rg8 19. Qxf6+ Rg7 20. Qd8+ Rg8 21. Qf6+ 1/2-1/2

[Event "Olympiad-25"]
[Site "Luzern"]
[Date "1982.11.05"]
[Round "6"]
[White "Trikaliotis, Georgios"]
[Black "Barry, Colm"]
[Result "0-1"]
[WhiteElo "2350"]
[BlackElo "2220"]
[PlyCount "56"]
[EventDate "1982.10.30"]
[EventType "team-swiss"]
[EventRounds "14"]
[EventCountry "SUI"]
[SourceTitle "EXT 1997"]
[Source "ChessBase"]
[SourceDate "1996.11.15"]
[SourceVersion "1"]
[SourceVersionDate "1996.11.15"]
[SourceQuality "1"]
[WhiteTeam "Greece"]
[BlackTeam "Ireland"]
[WhiteTeamCountry "GRE"]
[BlackTeamCountry "IRL"]

1. d4 Nf6 2. c4 e6 3. Nf3 d5 4. Nc3 Be7 5. Bf4 0-0 6. e3 c6 7. cxd5 exd5 8. Bd3 Nbd7 9. Qc2 Re8 10. h3 Nf8 11. g4 Be6 12. Ne5 Rc8 13. Bg3 c5 14. 0-0 a6 15. a4 N6d7 16. Rad1 cxd4 17. exd4 Nxe5 18. Bxe5 h5 19. Bf5 hxg4 20. hxg4 Rc6 21. Rd3 Bxf5 22. gxf5 Bh4 23. Rh3 Rh6 24. Kh2 Nh7 25. Bf4 Ng5 26. Bxg5 Qxg5 27. Qd3 Bxf2 28. Nxd5 Re3 0-1

[Event "EU Economic Communty Team-ch03"]
[Site "Berlin West"]
[Date "1980.03.??"]
[Round "?"]
[White "Fries Nielsen, Niels Jorgen"]
[Black "Barry, Colm"]
[Result "1-0"]
[WhiteElo "2315"]
[BlackElo "2250"]
[PlyCount "148"]
[EventDate "1980.03.14"]
[EventType "team-tourn"]
[EventRounds "9"]
[EventCountry "GER"]
[SourceTitle "MCD"]
[Source "ChessBase"]
[SourceDate "1999.07.01"]
[SourceVersion "1"]
[SourceVersionDate "1999.07.01"]
[SourceQuality "1"]

1. Nf3 Nf6 2. c4 c5 3. Nc3 Nc6 4. g3 g6 5. Bg2 Bg7 6. 0-0 0-0 7. d4 cxd4 8. Nxd4 Nxd4 9. Qxd4 d6 10. Qd3 Rb8 11. e4 a6 12. Rd1 Be6 13. Qe2 Qc8 14. Nd5 Bxd5 15. exd5 Qc7 16. Be3 Nd7 17. Rac1 a5 18. b3 Nc5 19. Re1 Rfe8 20. Bd2 Qb6 21. Bh3 Na6 22. Bd7 Red8 23. Bb5 Bf6 24. Bc3 Bxc3 25. Rxc3 Nc7 26. Ba4 Qb4 27. Re3 b5 28. Bxb5 Nxb5 29. cxb5 Qxb5 30. Qf3 Rbc8 31. Rxe7 Rf8 32. Qe4 Rc5 33. Rd1 Rc3 34. Qd4 Rc2 35. Qd3 Qc5 36. Re2 Rc3 37. Qd4 Qc7 38. h4 Rc5 39. h5 gxh5 40. Qh4 Qd8 41. Qxh5 Qf6 42. Re4 Rc2 43. Rf4 Qe7 44. Qf5 Rc7 45. Kg2 f6 46. Qe6+ Rf7 47. Rc4 Kg7 48. Qxe7 Rfxe7 49. Rc6 Kf7 50. Rd2 Red7 51. Kf3 Ke7 52. Ke4 Rb7 53. Rd4 Kf7 54. Rdc4 Kg6 55. Kd4 Kf5 56. Ra6 Rb5 57. Ra4 Re7 58. R6xa5 Rxa5 59. Rxa5 Re2 60. f3 Rg2 61. Ra7 h5 62. Rg7 h4 63. g4+ Kf4 64. Rg6 Rxa2 65. Rxf6+ Kg3 66. Rxd6 Kxf3 67. g5 h3 68. Rh6 Kg2 69. g6 Ra1 70. Ke5 Rb1 71. d6 h2 72. Ke6 Rxb3 73. g7 Re3+ 74. Kf7 Rf3+ 1-0